Le sens du temps et de la perception chez E. Husserl
Salvato in:
| Autore principale: | |
|---|---|
| Natura: | Libro |
| Lingua: | francese |
| Pubblicazione: |
París
Gallimard
1968
|
| Serie: | Bibliothèque de Philosophie
|
| Soggetti: | |
| Tags: |
Aggiungi Tag
Nessun Tag, puoi essere il primo ad aggiungerne!!
|
MARC
| LEADER | 00000nam a2200000 a 4500 | ||
|---|---|---|---|
| 001 | UCZ4715 | ||
| 003 | CL-VaPUC | ||
| 008 | 951110e19680000FR |||||||||||||||||fre|d | ||
| 082 | 0 | 4 | |a 142.7 |b GRA |2 21 |
| 100 | 0 | |a Granel, Gérard |e author |9 348724 | |
| 245 | 1 | 3 | |a Le sens du temps et de la perception chez E. Husserl |
| 300 | |a 280 p | ||
| 942 | |c BK | ||
| 945 | |d 19951110 00:00:00 |a lriquelm | ||
| 260 | |a París |b Gallimard |c 1968 | ||
| 650 | 0 | |a Fenomenología |9 256519 | |
| 650 | 0 | |a Teoría del conocimiento |9 255038 | |
| 650 | 0 | |a Epistemología |9 264994 | |
| 650 | 0 | |a Percepción |9 266750 | |
| 650 | 0 | |a Cognición |9 270347 | |
| 650 | 0 | |a Ontología |9 256850 | |
| 583 | |a last modification |c 19951110 00:00:00 |k Rodrigo Vera | ||
| 490 | 0 | |a Bibliothèque de Philosophie | |
| 999 | |c 241082 |d 241080 | ||
| 952 | |0 0 |1 0 |4 0 |6 142_700000000000000_GRA_1968 |7 0 |8 P |9 253235 |a BIBEDU |b BIBEDU |c BIBEDU_PB |d 2019-11-19 |i 1597604 |o 142.7 GRA 1968 |p 1597604 |r 2024-01-25 |w 2019-11-19 |y BK |k FIL | ||